书目信息 |
| 题名: |
蛋白质折叠速率与mRNA
|
|
| 作者: | 李瑞芳 编著 | |
| 分册: | ||
| 出版信息: | 上海 上海交通大学出版社 2017.6 |
|
| 页数: | 190页 | |
| 开本: | 24cm | |
| 丛书名: | ||
| 单 册: | ||
| 中图分类: | Q51 , Q522 | |
| 科图分类: | ||
| 主题词: | 蛋白质--分子折叠--研究 , 信使核糖核酸--研究 | |
| 电子资源: | ||
| ISBN: | 978-7-313-16292-2 | |
| 000 | 01039nam0 2200265 450 | |
| 001 | 0400001214 | |
| 005 | 20171015133229.0 | |
| 010 | @a978-7-313-16292-2@dCNY58.00 | |
| 100 | @a20170905d2017 em y0chiy50 ea | |
| 101 | 0 | @achi |
| 102 | @aCN@b310000 | |
| 105 | @ay z 001yy | |
| 106 | @ar | |
| 200 | 1 | @a蛋白质折叠速率与mRNA@9dan bai zhi zhe die su lv yu mRNA@f李瑞芳编著 |
| 210 | @a上海@c上海交通大学出版社@d2017.6 | |
| 215 | @a190页@d24cm | |
| 300 | @a内蒙古师范大学学术著作出版基金资助出版 | |
| 330 | @a本书是作者近年来研究蛋白质折叠速率所得成果的系统总结。主要内容包括:蛋白质折叠速率研究进展、蛋白质结构的预测方法、基因序列信息参数对蛋白质折叠速率的影响、回文结构及其统计分析、回文结构对蛋白质折叠速率的影响、同义密码子的使用偏性及其对肽链折叠速率的影响、mRNA二级结构及其对蛋白质折叠速率的影响等。 | |
| 606 | 0 | @a蛋白质@x分子折叠@x研究 |
| 606 | 0 | @a信使核糖核酸@x研究 |
| 690 | @aQ51@v5 | |
| 690 | @aQ522@v5 | |
| 701 | 0 | @a李瑞芳@9li rui fang@4编著 |
| 801 | 0 | @aCN@b91MARC@c20171015 |
| 905 | @b1020459-63@dQ51@f5@e226 | |
| 蛋白质折叠速率与mRNA/李瑞芳编著.-上海:上海交通大学出版社,2017.6 |
| 190页;24cm |
| 内蒙古师范大学学术著作出版基金资助出版 |
| ISBN 978-7-313-16292-2:CNY58.00 |
| 本书是作者近年来研究蛋白质折叠速率所得成果的系统总结。主要内容包括:蛋白质折叠速率研究进展、蛋白质结构的预测方法、基因序列信息参数对蛋白质折叠速率的影响、回文结构及其统计分析、回文结构对蛋白质折叠速率的影响、同义密码子的使用偏性及其对肽链折叠速率的影响、mRNA二级结构及其对蛋白质折叠速率的影响等。 |
| ● |
| 相关链接 |
|
|
|
|
正题名:蛋白质折叠速率与mRNA
索取号:Q51/226
 
预约/预借
| 序号 | 登录号 | 条形码 | 馆藏地/架位号 | 状态 | 备注 |
| 1 | 1020459 | 210204599 | 第二样本阅览室/ [索取号:Q51/226] | 在馆 | |
| 2 | 1020460 | 210204606 | 密集书库-生命科学系/ [索取号:Q51/226] | 在馆 | |
| 3 | 1020461 | 210204615 | 第三借阅区/ [索取号:Q51/226] | 在馆 | |
| 4 | 1020462 | 210204624 | 第三借阅区/ [索取号:Q51/226] | 在馆 | |
| 5 | 1020463 | 210204633 | 第三借阅区/ [索取号:Q51/226] | 在馆 |